Noem de Bijbelboeken van het Nieuwe Testament - Bijbel Quiz 9 - Statistieken

Algemene statistieken
  • Deze quiz is 32 keer genomen
    30 sinds de laatste reset
  • De gemiddelde score is 16 van 27
Antwoordstatistieken
Antwoord % Correct
Johannes
95%
Lukas
95%
Mattheus
95%
Markus
89%
Openbaring
84%
Romeinen
84%
1 Johannes
74%
2 Johannes
74%
3 Johannes
74%
Handelingen
74%
1 Petrus
63%
Judas
63%
2 Petrus
58%
Efeze
53%
Galaten
53%
1 Korinthe
47%
2 Korinthe
47%
Filippenzen
47%
Hebreeën
47%
Kolossenzen
47%
Titus
47%
Jakobus
37%
Filemon
32%
1 Thessalonicenzen
21%
1 Timotheüs
21%
2 Thessalonicenzen
21%
2 Timotheüs
21%
Geen overeenkomende quizzen gevonden
Scoreverdeling
Procent van Mensen met Elke Score
Percentiel versus Aantal Correcte Antwoorden
Uw Scoregeschiedenis
U heeft deze quiz nog niet genomen sinds de laatste reset